| 000 | 00555cam a22001451a 4500 | ||
|---|---|---|---|
| 082 |
_a671.823 _bPRA _cL-17, P-64 |
||
| 100 | 1 |
_aMurphy, J.S. _945096 |
|
| 245 | 1 | 4 |
_aThe practical sheet metal worker : _ba comprehensive guide for eveyone connected with the sheet metal industry / _cedited by J.S. Murphy, with contributions by six specialist authors. |
| 260 |
_aLondon : _bOdhams, _c[1944?] |
||
| 300 |
_a384 p. : _bill. ; _c22 cm. |
||
| 526 |
_a0 _b0 _c0 _d671_823000000000000_PRA |
||
| 650 | 0 |
_aMCE _9379 |
|
| 650 | 0 |
_aSheet-metal work. _944988 |
|
| 942 |
_2ddc _cBK |
||
| 999 |
_c548695 _d548695 |
||